Antara 6 : llengua, sisé d'EGB

Gespeichert in:
Bibliographische Detailangaben
Weitere Verfasser: Pérez, Cassià Ballester, Arnal, 1955- (IllustratorIn)
Format: Buch
Sprache:Katalanisch
Erschienen: Barcelona : Madrid : Grup Promotor ; Santillana, cop. 1986
Katalog:MANES:  Suchergebnis im Bibliothekskatalog
Schulbuchspezifische Eigenschaften:
Tags: Tag hinzufügen
Keine Tags, Fügen Sie den ersten Tag hinzu!
Hinzugefügt zu:08.09.2005
Geändert in:07.05.2025

MARC

LEADER 00000nam a2200000 a 4500
001 .b2239602
003 ES-BaCBU
005 20250507130153.0
008 050909s1989 spca ||l 000 ||cat|c
017 |a DL B. 34431-1989 
020 |a 8429424709 
035 |a 8429424709  |9 ES-BaUB001  |a 0893-49960  |9 ES-BaUB035 
040 |a ES-BaCBU  |b cat  |c ES-BaCBU  |d ES-BaUB 
245 0 0 |a Antara 6 :  |b llengua, sisé d'EGB /  |c Cassià Pérez ... [et al.] ; il·lustracions, Arnal Ballester 
260 |a Barcelona :  |b Grup Promotor ;  |a Madrid :  |b Santillana,  |c cop. 1986 
300 |a 216 p.:  |b il. col.;  |c 28 cm 
500 |a Reimpressions: 1989 
546 |a España 
561 |5 es-CRAI  |3 p1 TX EGB 3/6 SAN  |a España. Biblioteca Universitat de Barcelona  |k MANES 
690 0 |a LEN 
691 0 |a PRI 
700 1 |a Pérez, Cassià  |9 34227  |a Ballester, Arnal,  |d 1955-,  |e il.  |9 34228 
856 |y Registro en Cercabib - CRAI 
942 |2 ddc  |c BK 
999 |c 90528  |d 90528 
999 |c manes:90528  |d 90528